01457nam a2200385 c 450000100060000000300100000600500170001600700030003300800410003602000150007702000180009204000350011004100130014504300120015808400110017010000550018124501290023625000220036526400440038730000530043133600270048433700330051133800280054452100530057253400550062565000400068065000380072065000420075865000460080070000330084670000310087994200150091099900170092595201290094260623CO-BoRNBP20260225205311.0ta121119s1991 sp a jr 000 f spa d a9505470665 a9789505470662 aCO-BoRNBPbspaerdacCO-BoRNBP1 aspaheng ae-uk-en aN TOL310aTolkien, John Ronald Reuel,d1892-1973eaut96926913aEl señor de los anillos. III, :bel retorno del rey /cJ. R. R. Tolkien ; traducción de Matilde Horne y Luis Doménech. aPrimera edición 1aBarcelona, España :bMinotauro,c1991 a413 páginas :bilustraciones en blanco y negro atextobtxt2rdacontent asin mediaciónbn2rdamedia avolumenbnc2rdacarrier1 aRecomendado para un público mayor de 12 años tThe Lord of the Rings III : the return of the king17aLiteratura fantástica2rnbp9551717aHistorias de aventuras2lemb987017aNovela inglesaySiglo XIX2rnbp9249617aLiteratura inglesaySiglo XIX2rnbp9249710aDoménech, Luisetrl96926210aHorne, Matildeetrl969282 2loccBKLIT c60623d60623 00102lcc40708012aMESJUANIbMESJUANIcLITd2026-02-25l0oN TOL3pSJU02784r2026-02-25 20:53:41tEj.1w2026-02-25yBKLIT